| 000 | 00689nam a2200217Ia 4500 | ||
|---|---|---|---|
| 003 | GCL | ||
| 008 | 140319s9999 xx 000 0 ara d | ||
| 040 |
_aGCL / _cGCL |
||
| 082 | 0 | 4 |
_a234.4 _bع ك |
| 100 | 1 | _aرفعت فوزى عبدالمطلب | |
| 245 | 1 | 0 |
_aكتاب المختلطين / _cرفعت فوزى عبدالمطلب |
| 700 | 1 | _aالعلائى , صلاح الدين | |
| 700 | 1 | _aعلى عبدالباسط مزيد | |
| 300 | _a152 ص | ||
| 490 | _a | ||
| 650 | 0 | 4 | _aالحديث |
| 650 | 0 | 4 | _aالحديث - الاسناد الضعيف |
| 650 | 0 | 4 | _aالحديث - تراجم الرواة |
| 650 | 0 | 4 | _aالحديث - الجرح والتعديل |
| 942 |
_2ddc _cBK |
||
| 999 |
_c48047 _d48047 |
||